|
|
|
|
| LEADER |
00000nkm a2200000 a 4500 |
| 001 |
vtls010690558 |
| 003 |
SK-MaSNL |
| 005 |
20260512122749.0 |
| 007 |
kp bo |
| 008 |
231214q1945 xx g 00 kuslo |
| 015 |
|
|
|a SNBG
|
| 035 |
|
|
|a 8695B8C2-0014-45C7-9AAA-17BCE7666A9E
|
| 035 |
|
|
|a urn:nbn:sk:snk-kmxy53
|
| 035 |
|
|
|a urn:nbn:sk:snk-km007bm8
|
| 040 |
|
|
|a SNK
|b slo
|c SNK
|e AACR2
|
| 041 |
0 |
|
|a slo
|
| 043 |
|
|
|a e-xo---
|
| 044 |
|
|
|a xx
|
| 080 |
|
|
|a 908(437.6)
|2 2001
|
| 080 |
|
|
|a (084.121)
|2 2001
|
| 080 |
|
|
|a (437.6)
|2 2001
|
| 245 |
0 |
0 |
|a Pozdrav z Banskej Bystrice 206
|h grafika
|
| 260 |
|
|
|a [s.l.]
|b [s.n.]
|c [s.a.]
|
| 300 |
|
|
|a 1 pohľadnica
|b čiernobiela
|c 14 x 9 cm
|
| 651 |
|
7 |
|a Slovensko
|2 SNKPH
|9 14231
|
| 651 |
|
7 |
|a Banská Bystrica (Slovensko)
|2 SNKPH
|9 22015
|
| 655 |
|
7 |
|a miestne pohľadnice
|2 SNKPH
|9 70510
|
| 852 |
|
|
|a Slovenská národná knižnica
|
| 958 |
|
|
|a GC
|
| 958 |
|
|
|a GBN
|
| 958 |
|
|
|a OND
|
| 999 |
|
|
|c 670810
|d 672740
|
| 952 |
|
|
|a SNK
|b SNK
|y PREZ
|7 0
|p 17A0700451
|o snkSP 2358
|0 0
|1 0
|4 0
|d 2015-07-06
|f 1
|l 0
|r 2026-02-23 19:25:22
|w 2026-02-23
|